header

Toward sustainable communities (Record no. 3611)

MARC details
000 -LEADER
fixed length control field 01441nam a2200349Ia 4500
245 00 - TITLE STATEMENT
Title Toward sustainable communities
250 ## - EDITION STATEMENT
Edition statement 2nd ed.
260 ## - PUBLICATION, DISTRIBUTION, ETC. (IMPRINT)
Place of publication Cambridge, MA :
Name of publisher MIT Press,
Year of publication c2009.
300 ## - PHYSICAL DESCRIPTION
Number of Pages xiv, 365 p. :
Other physical details ill.
490 1# - SERIES STATEMENT
Series statement American and comparative environmental policy
650 #0 - SUBJECT ADDED ENTRY--TOPICAL TERM
Topical Term Environmental policy
Topical Term Sustainable development
700 1# - ADDED ENTRY--PERSONAL NAME
Personal name Mazmanian, Daniel A.,
Personal name Kraft, Michael E.
856 40 - ELECTRONIC LOCATION AND ACCESS
Uniform Resource Identifier http://site.ebrary.com/lib/rucke/Doc?id=10282779

No items available.

© 2026 Rongo University
Contact us: librarian | system librarian | Rongo university